|
|
|
|
| LEADER |
00000nab a2200000 a 4500 |
| 001 |
vtls000910456 |
| 003 |
SK-MaSNL |
| 005 |
20260302173128.0 |
| 008 |
040720e20000000xo 0 slo |
| 035 |
|
|
|a KE19379
|
| 040 |
|
|
|a KEVKJB
|b slo
|c KEVKJB
|e AACR2
|
| 041 |
0 |
|
|a slo
|
| 044 |
|
|
|a xo
|c SK
|
| 080 |
|
|
|a 72
|2 1981
|
| 080 |
|
|
|a 711
|2 1981
|
| 100 |
1 |
|
|a Rakúsová, Gabriela,
|d 1943-
|4 aut
|9 84087
|
| 245 |
1 |
0 |
|a Útvar hlavného architekta mesta Košice
|b Zoznamte sa s kolektívom, ktorého práca bola ohodnotená Cenou primátora mesta pri príležitosti Dní mesta Košice
|
| 610 |
2 |
7 |
|a Útvar hlavného architekta mesta Košice
|2 KEVKJB
|9 873558
|
| 650 |
0 |
7 |
|a architektúra
|2 KEVKJB
|9 722
|
| 650 |
0 |
7 |
|a činnosť
|2 KEVKJB
|9 282874
|
| 650 |
0 |
7 |
|a rozhovory
|2 KEVKJB
|9 453585
|
| 651 |
|
7 |
|a Košice (Slovensko)
|2 KEVKJB
|9 18694
|
| 651 |
|
7 |
|a KE,
|2 KEVKJB
|9 877256
|
| 655 |
|
7 |
|a periodikum
|2 snkbucl
|9 29553
|
| 700 |
1 |
0 |
|a Murko, Peter
|4 aut
|9 858188
|
| 710 |
2 |
|
|a Útvar hlavného architekta mesta Košice
|4 aut
|9 873558
|
| 773 |
0 |
8 |
|t Listy Košické
|g Roč. 2, č.3 (2000), s. 2
|
| 852 |
|
|
|a ZVYKNI
|b KIS3GCP
|
| 999 |
|
|
|c 1400821
|d 1402751
|